| 000 | 00402nam a2200169Ia 4500 | ||
|---|---|---|---|
| 005 | 20241021040556.0 | ||
| 008 | 240331s9999 xx 000 0 und d | ||
| 082 |
_bHET _a821 |
||
| 100 | _aHettiarachchi,S | ||
| 245 | 0 | _aWesak mal | |
| 260 |
_aColombo _bM.D. Gunasena & Co., Ltd _c1964 |
||
| 300 | _a20 p ., | ||
| 650 | _aBuddhist | ||
| 650 | _aBuddhist language | ||
| 650 | _aEngilsh | ||
| 942 | _cL | ||
| 999 |
_c3338 _d3338 |
||